| 000 | 00903cam a22002775a 4500 | ||
|---|---|---|---|
| 001 | 17274691 | ||
| 005 | 20161025141936.0 | ||
| 008 | 120427s2012 nyua frb 001 0 eng d | ||
| 020 | _a9780071790499 | ||
| 020 | _a0071790497 | ||
| 040 |
_aDLC _cDLC _dDLC _dEG-ScBUE _beng |
||
| 082 | 0 | 4 |
_a658.872 _222 _bDRA |
| 100 | 1 | _aDragon, Ric. | |
| 245 | 1 | 0 |
_aSocial marketology : _bimprove your social media processes and get customers to stay forever / _cRic Dragon. |
| 260 |
_aNew York : _bMcGraw-Hill, _cc.2012. |
||
| 300 |
_ax, 213 p. : _bill. ; _c24 cm. |
||
| 500 | _aIndex : p. 207-213. | ||
| 504 | _aBibliography : p. 203-206. | ||
| 590 | _aSameh | ||
| 650 | 7 |
_aInternet marketing _xSocial aspects. _2BUEsh |
|
| 650 | 7 |
_aSocial media. _2BUEsh _932891 |
|
| 650 | 0 |
_aMarketing _xSocial aspects. _2BUEsh _939086 |
|
| 650 | 0 |
_aCustomer relations. _2BUEsh |
|
| 653 |
_bBUSADM _cOctober2016 |
||
| 942 | _2ddc | ||
| 999 |
_c22851 _d22823 |
||